Dibujo y diseño en ingeniería

Guardat en:
Dades bibliogràfiques
Autors principals: Jensen, Cecil Howard (Autor), Short, Dennis R (Autor), Helsel, Jay D (Autor)
Format: Llibre
Idioma:espanyol
Publicat: Ciudad de México, México McGraw Hill 2004
Edició:2a. edición
Matèries:
Accés en línia:Disponible Online
Etiquetes: Afegir etiqueta
Sense etiquetes, Sigues el primer a etiquetar aquest registre!

MARC

LEADER 00000nam a2200000 a 4500
001 UCL5754
003 CL-VaPUC
005 20240821124000.0
008 040319e20040000MX |||||||||||||||||spa|d
999 |c 308182  |d 308180 
020 |a 970103967X 
040 |c Pontificia Universidad Católica de Valparaíso 
082 0 4 |a 604.2 JEN 2004  |2 21 
100 |a Jensen, Cecil Howard  |e author  |9 483448 
245 1 0 |a Dibujo y diseño en ingeniería 
250 |a 2a. edición  
260 |a Ciudad de México, México   |b McGraw Hill  |c 2004 
300 |a 840 páginas  
583 |a last modification  |c 20040319 00:00:00  |k Rodrigo Vera 
650 0 |a Dibujo técnico  |2 CL-VaPUC  |9 298649 
650 0 |a Mecánica de materiales  |2 CL-VaPUC  |9 438326 
650 0 |a Resistencia de materiales  |9 260095 
650 0 |a Geometría aplicada  |2 CL-VaPUC  |9 426948 
650 0 |a Plásticos   |9 267415 
650 0 |a AutoCAD  |9 410021 
700 0 |a Short, Dennis R  |e author  |9 483449 
700 0 |a Helsel, Jay D  |e author  |9 483450 
856 |u http://bibliografiadigital.pucv.cl.pucv.idm.oclc.org/index.php/bibliotecapucv/catalog/book/490  |y Disponible Online  
942 |c BK  |2 ddc 
945 |d 20040319 00:00:00  |a cmena 
952 |0 0  |1 0  |4 0  |6 604_200000000000000_JEN_2004  |7 0  |8 R  |9 374481  |a BIBMEC  |b BIBMEC  |d 2019-11-21  |i 3994694  |l 3  |o 604.2 JEN 2004  |p 3994694  |r 2024-08-26  |s 2024-08-13  |w 2019-11-21  |y BK_R  |k MEC 
952 |0 0  |1 0  |4 0  |6 604_200000000000000_JEN_2004  |7 0  |8 R  |9 374482  |a BIBMEC  |b BIBMEC  |d 2019-11-21  |i 3994708  |o 604.2 JEN 2004  |p 3994708  |r 2024-01-19  |w 2019-11-21  |y BK_R  |k MEC 
952 |0 0  |1 0  |4 0  |6 604_200000000000000_JEN_2004  |7 0  |8 A  |9 374483  |a BIBING  |b BIBING  |d 2019-11-21  |i 4018591  |o 604.2 JEN 2004  |p 4018591  |r 2025-01-20  |w 2019-11-21  |y BK  |k EIQ 
952 |0 0  |1 0  |2 ddc  |4 0  |6 604_200000000000000_JEN_2004  |7 0  |8 R  |9 374485  |a BIBMEC  |b BIBMEC  |d 2019-11-21  |i 4507096  |l 7  |o 604.2 JEN 2004  |p 4507096  |r 2024-01-19  |s 2023-11-06  |w 2019-11-21  |y BK_R  |k MEC